000 00865nam a2200217Ia 4500
003 Ost
005 20260507075657.0
008 260507s9999||||xx |||||||||||||| ||und||
040 _cfsecg
041 _aara
082 _a346.6202
100 _aسيد أحمد، ابراهيم
_eمؤلف
245 0 _aعقد السمسرة فقها وقضاء /
_c ابراهيم سيد أحمد
260 _aالاسكندرية:
_bالمكتب الجامعي الحديث,
_c2004
300 _a75 صفحة؛
_bإيضاحات ؛
_c24 سم
490 _aسلسلة العقود التجارية المسماة
_v1
520 _aأحكام وقواعد عقد السمسرة: المبادئ القضائية.
653 _aعقود السمسرة- الفقه الإسلامي
653 _aعقود السمسرة- قوانين وتشريعات- مصر
942 _cكتاب
999 _c45723
_d45723